Arsenal Women UWCL Final 2025 starting XI - Statistics

General Stats
  • This quiz has been taken 85 times
  • The average score is 10 of 11
Answer Stats
Answer % Correct
Alessia Russo
99%
Leah Williamson
94%
Daphne Van Domselaar
89%
Steph Catley
89%
Emily Fox
87%
Katie McCabe
87%
Caitlin Foord
86%
Chloe Kelly
84%
Kim Little
84%
Mariona Caldentey
81%
Frida Maanum
79%
No matching quizzes found
Score Distribution
Percent of People with Each Score
Percentile by Number Answered
Your Score History
You have not taken this quiz